[Event "Nova Gorica op"]
[Site "Nova Gorica"]
[Date "1997.??.??"]
[Round "5"]
[White "Kragelj, Igor"]
[Black "Kogan, Artur"]
[Result "0-1"]
[WhiteElo "2250"]
[BlackElo "2515"]

1.d4 Nf6 2.c4 e6 3.Nf3 Bb4+ 4.Bd2 a5 5.g3 d6 6.Bg2 Nbd7 7.O-O e5 8.Bg5 exd4
9.Nxd4 O-O 10.a3 Bc5 11.Nc3 h6 12.Bc1 Re8 13.b3 Ne5 14.Bb2 Bd7 15.a4 Qc8
16.Nd5 Nxd5 17.cxd5 Bh3 18.Nb5 Ng6 19.e3 Bg4 20.Bf3 h5 21.Rc1 Re7 22.Rc4 Bh3
23.Bg2 h4 24.gxh4 Qf5 25.Bxh3 Qxh3 26.Qg4 Qxg4+ 27.Rxg4 c6 28.Nc3 Ne5 29.Rg3 f5
30.Rd1 Kf7 31.Ne2 Rh8 32.Nf4 Ng4 33.Ne6 Rxh4 34.Nxg7 f4 35.Rf3 Nxh2 36.Rxf4+ Rxf4
37.exf4 Ng4 38.Ne6 Bxf2+ 39.Kh1 Kg6 40.Bd4 c5 41.Bg7 Rxg7 42.Nxg7 Kxg7 43.Rf1 Kf6  0-1

[Event "Nova Gorica op"]
[Site "Nova Gorica"]
[Date "1997.??.??"]
[Round "7"]
[White "Krizsany, Laszlo"]
[Black "Dizdar, Goran"]
[Result "1/2-1/2"]
[WhiteElo "2435"]
[BlackElo "2550"]

1.d4 Nf6 2.c4 e6 3.Nf3 Bb4+ 4.Bd2 c5 5.Bxb4 cxb4 6.g3 O-O 7.Bg2 d6 8.O-O Nc6
9.a3 bxa3 10.Rxa3 e5 11.d5 Nb4 12.Qd2 a5 13.Ne1 Bg4 14.Nc3 Qb6 15.Nc2 Nxc2
16.Qxc2 Nd7 17.h3 Bh5 18.Be4 Bg6 19.Bxg6 hxg6 20.Rfa1 Rfc8 21.b3 Nc5 22.Na4 Nxa4
23.Rxa4 Ra6 24.Kg2 Rc5 25.Qd3 Qc7 26.e4 Ra8 27.h4 Ra6  1/2-1/2

[Event "CZE-ch op"]
[Site "Nymburk"]
[Date "1997.??.??"]
[Round "?"]
[White "Voloshin, Leonid"]
[Black "Chloupek, Stanislav"]
[Result "1/2-1/2"]
[WhiteElo "2430"]
[BlackElo "2335"]

1.d4 Nf6 2.c4 e6 3.Nf3 Bb4+ 4.Bd2 Qe7 5.g3 Nc6 6.Bg2 Bxd2+ 7.Nbxd2 d6 8.O-O a5
9.e4 e5 10.d5 Nb8 11.b3 Bg4 12.h3 Bxf3 13.Qxf3 O-O 14.a3 c6 15.b4 Na6 16.Qc3 axb4
17.axb4 c5 18.b5 Nb4 19.Rxa8 Rxa8 20.Ra1 Qd8 21.f4 Nd7 22.Nf3  1/2-1/2

[Event "RUS-chT"]
[Site "Orel"]
[Date "1997.??.??"]
[Round "?"]
[White "Shipov, Sergei"]
[Black "Kiriakov, Petr"]
[Result "1/2-1/2"]
[WhiteElo "2540"]
[BlackElo "2530"]

1.d4 Nf6 2.c4 e6 3.Nf3 Bb4+ 4.Bd2 Qe7 5.g3 Nc6 6.Nc3 d5 7.a3 Bxc3 8.Bxc3 O-O
9.Bg2 Ne4 10.Qb3 Rd8 11.O-O a5 12.Rac1 a4 13.Qc2 Bd7 14.Rfd1 Be8 15.Be1 f5
16.Qd3 Ra6 17.Bc3 Bf7 18.Nd2 e5  1/2-1/2

[Event "RUS-chT"]
[Site "Orel"]
[Date "1997.??.??"]
[Round "?"]
[White "Veresagin, Jurij"]
[Black "Lopushnoy, Denis"]
[Result "1-0"]
[WhiteElo "2405"]
[BlackElo "2290"]

1.d4 Nf6 2.Nf3 e6 3.c4 Bb4+ 4.Bd2 Qe7 5.g3 Nc6 6.Bg2 Bxd2+ 7.Nbxd2 d6 8.O-O a5
9.e4 e5 10.d5 Nb8 11.Ne1 h5 12.h4 Bg4 13.Qa4+ Bd7 14.Qa3 O-O 15.b4 Na6 16.bxa5 Nc5
17.Qc3 c6 18.Nd3 cxd5 19.exd5 Nxd3 20.Qxd3 Rxa5 21.Rfb1 Bc8 22.Nb3 Ra4 23.c5 e4
24.Qb5 Ra6 25.Re1 Qe5 26.Qc4 Re8 27.c6 bxc6 28.dxc6 d5 29.Qc5 Ra4 30.Bf1 Ng4
31.Bb5 Ra8 32.Re2 Be6 33.Qd4 Qf5 34.a4 Ne5 35.Nd2 Rec8 36.Rc1 f6 37.Re3 g5
38.hxg5  1-0

[Event "Orense op"]
[Site "Orense"]
[Date "1997.??.??"]
[Round "2"]
[White "Kolev, Atanas"]
[Black "Milla de Marco, Carlos"]
[Result "1-0"]
[WhiteElo "2530"]
[BlackElo "2135"]

1.d4 Nf6 2.Nf3 e6 3.c4 Bb4+ 4.Bd2 a5 5.g3 d6 6.Bg2 Nbd7 7.O-O e5 8.Qc2 O-O
9.Nc3 Re8 10.e4 Nf8 11.Rad1 exd4 12.Nxd4 c6 13.h3 Ng6 14.a3 Bc5 15.Nb3 Ba7
16.Na4 Qe7 17.Rde1 Qe5 18.c5 Qh5 19.Qd1 Bg4 20.f3 Bxh3 21.Be3 d5 22.exd5 Nxd5
23.Bd2 Rad8 24.Bxa5 Bxg2 25.Bxd8 Rxd8 26.Kxg2 Ndf4+ 27.gxf4 Rxd1 28.Re8+ Nf8
29.Rxd1 Qg6+ 30.Kf1 Qc2 31.Rdd8 g6 32.Rxf8+ Kg7 33.Rg8+ Kh6 34.Rd2 Qb1+ 35.Kg2 Qf5
36.Kg3  1-0

[Event "Orense op"]
[Site "Orense"]
[Date "1997.??.??"]
[Round "2"]
[White "Salgado Lopez, Oscar"]
[Black "Campos Moreno, Javier B"]
[Result "0-1"]
[WhiteElo "2120"]
[BlackElo "2440"]

1.d4 Nf6 2.Nf3 e6 3.c4 Bb4+ 4.Bd2 a5 5.a3 Bxd2+ 6.Qxd2 d6 7.Nc3 Nbd7 8.g3 O-O
9.Rd1 Qe7 10.Bg2 Nb6 11.Qd3 e5 12.e4 Bg4 13.d5 a4 14.h3 Bxf3 15.Bxf3 Nfd7
16.Be2 Nc5 17.Qe3 g6 18.g4 f5 19.gxf5 gxf5 20.Rg1+ Kh8 21.exf5 Rxf5 22.Rg4 Raf8
23.f3 Rf4 24.Kd2 Qf7 25.Rdg1 Nb3+ 26.Kd1 Nd4 27.R1g3 Nxe2 28.Qxe2 Rxf3 29.Ne4 Rxg3
30.Rxg3 Qf1+ 31.Qxf1 Rxf1+ 32.Ke2 Rf4 33.Kd3 Nxc4 34.Kxc4 Rxe4+ 35.Kb5 Rd4  0-1

[Event "RUS-ch sf"]
[Site "Perm"]
[Date "1997.??.??"]
[Round "2"]
[White "Fakhretdinov, Robert"]
[Black "Ovetchkin, Roman"]
[Result "0-1"]
[WhiteElo "2340"]
[BlackElo "2495"]

1.d4 Nf6 2.Nf3 e6 3.c4 Bb4+ 4.Bd2 Qe7 5.g3 Nc6 6.Bg2 Bxd2+ 7.Nbxd2 d6 8.O-O a5
9.e4 e5 10.d5 Nb8 11.Ne1 O-O 12.b3 Na6 13.a3 Bd7 14.Qb1 c6 15.dxc6 bxc6 16.Nd3 Bg4
17.Re1 Rab8 18.Qc2 Nd7 19.h3 Bh5 20.Qc3 Ndc5 21.Nxc5 Nxc5 22.Qxa5 Nxb3 23.Nxb3 Rxb3
24.Reb1 Rbb8 25.Qd2 f6 26.a4 Bf7 27.Bf1 Bg6 28.Bg2 Bf7 29.Rb4 c5 30.Rxb8 Rxb8
31.Bf1 Qc7 32.a5 Kf8 33.Kh2 Ke7 34.Kg1 Ra8 35.Qc3 Be8 36.Ra3 Bc6 37.Bd3 Rb8
38.Bc2 Rb4 39.Kh2 Qa7 40.Qf3 Rxc4 41.Qg4 g6 42.Qh4 Kd8 43.Bd3 Rb4 44.Qxf6+ Qe7
45.Qh8+ Kc7 46.Ba6 Rb8  0-1

[Event "RUS-ch sf"]
[Site "Perm"]
[Date "1997.??.??"]
[Round "9"]
[White "Shinkevich, Vitaly"]
[Black "Ovchinikova, Julia"]
[Result "1/2-1/2"]
[WhiteElo "2375"]
[BlackElo "2235"]

1.d4 Nf6 2.Nf3 e6 3.c4 Bb4+ 4.Bd2 Be7 5.Nc3 d5 6.Bg5 O-O 7.e3 Nbd7 8.cxd5 exd5
9.Bd3 c6 10.Qc2 Re8 11.O-O-O Nf8 12.h3 a5 13.g4 a4 14.Rhg1 a3 15.b3 g6 16.Kb1 Qa5
17.Rc1 Ne6 18.Bh6 Rd8 19.h4 Bd7 20.h5 Be8 21.hxg6 fxg6 22.Ne5 c5 23.g5 Nh5
24.dxc5 Qxc5 25.f4 d4 26.Ne2 Qxc2+ 27.Rxc2 b5 28.Nc6 Bxc6 29.Rxc6 Rd6 30.Bxb5 dxe3
31.Rxd6 Bxd6 32.Bc4 Re8 33.Rd1 Bb4 34.Rd3 Bd2 35.Rd6 Kf7 36.Kc2 Bb4 37.Rc6 Bd2
38.Kd3 Re7 39.Ke4 Re8 40.Kf3 Re7 41.Rxe6 Rxe6 42.Nd4 Nxf4 43.Nxe6 Nxe6 44.Ke2 Ke7
45.Bxe6 Kxe6 46.Bf8 Bc1 47.Bc5 Kf5 48.Be7 Ke6 49.Bc5  1/2-1/2

[Event "Plzen KB opJ-A"]
[Site "Plzen"]
[Date "1997.??.??"]
[Round "8"]
[White "Johansen, Morten"]
[Black "Kubala, Petr"]
[Result "1-0"]
[WhiteElo "2240"]
[BlackElo "2260"]

1.d4 Nf6 2.c4 e6 3.Nf3 Bb4+ 4.Bd2 Bxd2+ 5.Qxd2 b6 6.g3 Bb7 7.Bg2 d6 8.O-O Nbd7
9.Nc3 Ne4 10.Nxe4 Bxe4 11.Qe3 Nf6 12.Nd2 Bxg2 13.Kxg2 O-O 14.Rac1 e5 15.dxe5 Re8
16.Nf3 Ng4 17.Qf4 Nxe5 18.Nxe5 Rxe5 19.Qf3 Qe8 20.e3 Re4 21.Rfd1 Qe6 22.Rd4 Re8
23.Rxe4 Qxe4 24.Qxe4 Rxe4 25.Kf3 f5 26.Ke2 Kf7 27.Kd3 Ke6 28.f4 c5 29.g4 g6
30.Rg1 b5 31.gxf5+ gxf5 32.cxb5 Rb4 33.b3 Rxb5 34.Rg7 a5 35.Rxh7 a4 36.Kc3 axb3
37.axb3 d5 38.Rh6+ Ke7 39.h4 d4+ 40.exd4 cxd4+ 41.Kc4 d3 42.Rg6 d2 43.Rg1 Rb6
44.Rd1 Rc6+ 45.Kd4 Re6 46.Rxd2 Re4+ 47.Kd5 Rxf4 48.Rd4 Rf3 49.b4 Kf6 50.b5 Rb3
51.Kc5 Ke5 52.Rb4 Rc3+ 53.Rc4 Rb3 54.b6 f4 55.Rb4 Rc3+ 56.Kb5 Rc8 57.b7 Rb8
58.Ka6 f3 59.Ka7  1-0

[Event "Polanica Zdroj op"]
[Site "Polanica Zdroj"]
[Date "1997.??.??"]
[Round "2"]
[White "Voloshin, Leonid"]
[Black "Fiodorov, Mikhail"]
[Result "1/2-1/2"]
[WhiteElo "2450"]
[BlackElo "2295"]

1.d4 Nf6 2.c4 e6 3.Nf3 Bb4+ 4.Bd2 a5 5.g3 d5 6.Bg2 dxc4 7.O-O b5 8.a4 c6
9.axb5 Bxd2 10.Qxd2 cxb5 11.Qg5 Nd5 12.Qxg7 Qf6 13.Qxf6 Nxf6 14.Ne5 Nd5 15.Nc3 f6
16.Nxd5 exd5 17.Nf7 Be6 18.Nd6+ Kd7 19.Nxb5 Nc6 20.Nc3 Kd6 21.e4 Nxd4 22.Rad1 Nb3
23.exd5 Bf5 24.Rfe1 Rae8 25.Be4 Bd7 26.f3 f5 27.Bb1 Rxe1+ 28.Rxe1 Nd4 29.Rd1 Nxf3+
30.Kg2 Ne5 31.Kf2 Ng4+ 32.Kf3 Nxh2+ 33.Kf4 Ng4 34.Rd4 Rb8 35.Bxf5 Kc5 36.Rd2 Rf8
37.Ne4+ Kb6 38.Nd6 Kc7 39.Kxg4 Kxd6 40.Bxd7 Kxd7 41.Rh2 Kd6 42.Rxh7 Rb8 43.Rh2 Kxd5
44.Kf4 a4 45.g4 a3 46.bxa3 c3 47.g5 Rb2 48.Rh8 Rf2+ 49.Kg3 Rf1 50.Rc8 Kd4
51.Kg4 Kd3 52.g6 c2 53.Kg5 c1=Q+  1/2-1/2

[Event "Polanica Zdroj op"]
[Site "Polanica Zdroj"]
[Date "1997.??.??"]
[Round "3"]
[White "Fiodorov, Mikhail"]
[Black "Macieja, Bartlomiej"]
[Result "0-1"]
[WhiteElo "2295"]
[BlackElo "2470"]

1.d4 Nf6 2.Nf3 e6 3.c4 Bb4+ 4.Bd2 Qe7 5.g3 Nc6 6.Bg2 Bxd2+ 7.Nbxd2 d6 8.O-O a5
9.e4 e5 10.d5 Nb8 11.Ne1 O-O 12.Nd3 c6 13.b3 Na6 14.a3 Bg4 15.f3 Bd7 16.Rf2 Rfc8
17.Bf1 Qd8 18.Kg2 cxd5 19.cxd5 b5 20.b4 a4 21.Rc1 Rxc1 22.Nxc1 Qb6 23.Nb1 Bh3+
24.Kg1 Bd7 25.Kg2 h6 26.Rc2 Nh7 27.h4 g5 28.Qd2 gxh4 29.gxh4 Kh8 30.Kh2 Rg8
31.Bg2 Qd8 32.Qf2 Nf8 33.f4 Ng6 34.f5 Nxh4 35.Bh3 Nc7 36.Rc3 Ne8 37.Nd2 Nf6
38.Ne2 Rg2+ 39.Qxg2 Nxg2 40.Kxg2 Nxd5 41.exd5 Qg5+ 42.Kf2 Qxd2 43.Rc7 Qd3
44.Rxd7 Qxh3 45.Rxd6 e4 46.Rd8+ Kh7 47.Re8 Qf3+ 48.Ke1 e3  0-1

[Event "Polanica Zdroj op"]
[Site "Polanica Zdroj"]
[Date "1997.??.??"]
[Round "4"]
[White "Vaulin, Alexander"]
[Black "Ostrowski, Leszek"]
[Result "1/2-1/2"]
[WhiteElo "2530"]
[BlackElo "2360"]

1.d4 e6 2.c4 Nf6 3.Nf3 Bb4+ 4.Bd2 Bxd2+ 5.Qxd2 O-O 6.Nc3 d5 7.e3 Nbd7 8.Rc1 c6
9.Bd3 Qe7 10.O-O b6 11.e4 dxe4 12.Nxe4 c5 13.Rfe1 cxd4 14.Nxd4 Bb7 15.Nb5 Rfd8
16.Qg5 Nc5 17.Nxc5 bxc5 18.Rcd1 a6 19.Nc3 Rd4 20.h3 Rad8 21.Qe3 Qc7 22.Ne2 Qc6
23.f3 R4d6 24.Bc2 Qb6 25.Qc3 h6  1/2-1/2

[Event "ESP-chT"]
[Site "Ponferrada"]
[Date "1997.??.??"]
[Round "1"]
[White "Garcia Padron, Jose"]
[Black "Sanz Alonso, Francisco Javier"]
[Result "1/2-1/2"]
[WhiteElo "2440"]
[BlackElo "2425"]

1.d4 Nf6 2.Nf3 e6 3.c4 Bb4+ 4.Bd2 c5 5.Bxb4 cxb4 6.g3 b6 7.Bg2 Bb7 8.O-O O-O
9.a3 Qe7 10.Qd2 Na6 11.Ne5 Bxg2 12.Kxg2 Rfc8 13.Rc1 d6 14.Nd3 d5 15.cxd5 Nxd5
16.e4 Nf6 17.f3 Rxc1 18.Qxc1 Qd7 19.Qe3 Rd8 20.Kf2 Nc7 21.Nxb4 Qxd4 22.Nc3 Qd2+
23.Qe2 a5 24.Nc6 Rd7 25.Kf1 Qg5 26.f4 Qc5 27.Ne5 Rd4 28.Rd1 g6 29.Kg2 Kg7
30.h3 h5 31.Nf3 Rxd1 32.Qxd1 Qe3 33.Qd6 Nb5 34.Qd2 Qxd2+ 35.Nxd2 Nxc3 36.bxc3 Kf8
37.Kf3 Ke7 38.Nc4 Nd7 39.Ke3 Kd8 40.Nd6 f6 41.Kd4 Kc7 42.Nf7 Kc6 43.e5 Kb5
44.exf6 Ka4 45.Nd6 Nxf6 46.Ke5 Nd5 47.c4 Ne3 48.Ke4 Nf5 49.Nc8 Nxg3+ 50.Ke5 Kxa3
51.Nxb6 Kb4 52.Kxe6 Kc5 53.Na4+ Kxc4 54.Kf6 Ne2 55.Kg5 Kb4 56.Nb2 h4 57.Nd3+ Kc4
58.Nb2+ Kb5 59.f5 gxf5 60.Kxh4 Nf4 61.Kg5 Nxh3+ 62.Kxf5 Nf2 63.Ke5 Kc5 64.Na4+ Kb4
65.Nb6 Kb5 66.Nd5 Kc5 67.Nc3  1/2-1/2

[Event "ESP-chT"]
[Site "Ponferrada"]
[Date "1997.??.??"]
[Round "2"]
[White "Garcia Ilundain, David"]
[Black "Garcia Padron, Jose"]
[Result "1/2-1/2"]
[WhiteElo "2495"]
[BlackElo "2440"]

1.d4 Nf6 2.Nf3 e6 3.c4 Bb4+ 4.Bd2 a5 5.g3 d5 6.a3 Bxd2+ 7.Nbxd2 O-O 8.Bg2 Qe7
9.Qc2 Rd8 10.Rc1 Nc6 11.O-O a4 12.e3 Bd7 13.Ne5 Rdc8 14.Nxd7 Qxd7 15.Bh3 dxc4
16.Qxc4 Na5 17.Qc2 Ra6 18.Bg2 Rb6 19.Rfd1 Nb3 20.Nxb3 Rxb3 21.Bf1 Ne8 22.Bh3 Qb5
23.Rd2 Ra8 24.Bf1 Qa5 25.Rcd1 Nd6 26.Qc5 g6 27.Rc2 Qb6 28.Rb1 Rc8 29.h4 h5
30.Bh3 Qa6 31.Rbc1 Rb5 32.Qc3 Qb6 33.Bg2 Rb3 34.Qd2 Ne8 35.Bf1 Nd6 36.Bg2 Ne8
37.Qe2 Ra8  1/2-1/2

[Event "ESP-chT"]
[Site "Ponferrada"]
[Date "1997.??.??"]
[Round "5"]
[White "Alvarez Ibarra, D Rafael"]
[Black "Izeta Txabarri, Felix"]
[Result "1/2-1/2"]
[WhiteElo "2395"]
[BlackElo "2525"]

1.d4 Nf6 2.c4 e6 3.Nf3 Bb4+ 4.Bd2 Qe7 5.g3 Nc6 6.Bg2 Bxd2+ 7.Nbxd2 d6 8.Nf1 a5
9.Ne3 O-O 10.O-O e5 11.Nd5 Qd8 12.dxe5 Nxe5 13.Qc2 Nxf3+ 14.Bxf3 Nd7 15.b3 Nc5
16.a3 Re8 17.b4 Ne6 18.Rad1 axb4 19.axb4 Bd7 20.Qb2 Rb8 21.Qc2 Ng5 22.Bg2 Bh3
23.c5 Bxg2 24.Kxg2 c6 25.Ne3 d5 26.Nf5 Qd7 27.Nd6 Re7 28.Rd4 b6 29.Rfd1 bxc5
30.bxc5 h6 31.h4 Ne6 32.Ra4 Qd8 33.e4 dxe4 34.Rxe4 Rd7 35.Rde1 Qf6 36.Nxf7 Rb2
37.Nxh6+ Kh8 38.Ng4 Rxc2 39.Nxf6 Rdd2 40.Rxe6 Rxf2+ 41.Kh3 gxf6 42.Kg4 Kg7
43.Rxc6 Rc4+ 44.Kh3 Rf5 45.Rc7+ Kg6 46.c6 Rfc5 47.Re6 Kf5 48.Rd6 Ke5 49.Rd8 Rxc6
50.Rxc6 Rxc6 51.Kg4 Rc4+ 52.Kh5 Ke6 53.g4 Kf7 54.Rd7+ Kg8 55.Rd8+ Kg7 56.Rd7+ Kg8
57.Ra7 Rb4 58.Rc7 Ra4 59.Rb7 Rc4 60.Ra7 Rb4 61.Re7 Rc4 62.Ra7  1/2-1/2

[Event "POL-ch sf"]
[Site "Poraj "]
[Date "1997.??.??"]
[Round "7"]
[White "Jakubowski, Krzysztof"]
[Black "Jedynak, Radoslaw"]
[Result "1/2-1/2"]
[WhiteElo "2235"]
[BlackElo "2145"]

1.d4 e6 2.c4 Nf6 3.Nf3 Bb4+ 4.Bd2 Qe7 5.g3 Nc6 6.Nc3 Bxc3 7.Bxc3 Ne4 8.Rc1 Nxc3
9.Rxc3 d6 10.d5 Nb8 11.dxe6 Bxe6 12.Nd4 Nd7 13.Bg2 Rb8 14.b3 O-O 15.O-O Nf6
16.e4 Rfd8 17.Re1 c5 18.Nxe6 fxe6 19.e5 dxe5 20.Qe2 e4 21.Re3 Rd4 22.Bxe4 Nxe4
23.Rxe4 Rxe4 24.Qxe4 Re8 25.h4 h6 26.Kg2 Kh8 27.Re3 b6 28.Re2 Qd6 29.Re3 Qd2
30.Re2 Qd6 31.Kh2 a6 32.f4 b5 33.Qe5 Qxe5 34.Rxe5 bxc4 35.bxc4 Rd8 36.Rxc5 Rd2+
37.Kh3 Rxa2 38.Rc6 Rc2 39.Rxe6 Rxc4 40.Rxa6 Rc5 41.Re6 Kh7 42.Re3 Rc1 43.Rf3 g6
44.Ra3 h5 45.Kg2 Kh6 46.Kf3 Rc4 47.Rb3 Ra4 48.Rc3 Rb4 49.Rd3 Ra4 50.Kf2 Ra2+
51.Ke3 Ra4 52.Rd6 Ra3+ 53.Rd3 Ra4 54.Kf3 Rb4 55.Re3 Ra4 56.g4 hxg4+ 57.Kxg4 Ra1
58.Rh3 Rg1+ 59.Rg3 Ra1  1/2-1/2

[Event "Portoroz op"]
[Site "Portoroz"]
[Date "1997.??.??"]
[Round "?"]
[White "Nikolov, Sasho"]
[Black "Delchev, Aleksander"]
[Result "1/2-1/2"]
[WhiteElo "2370"]
[BlackElo "2515"]

1.d4 Nf6 2.c4 e6 3.Nf3 Bb4+ 4.Bd2 Qe7 5.g3 Nc6 6.Bg2 Bxd2+ 7.Nbxd2 d6 8.O-O e5
9.d5 Nb8 10.Ne1 a5 11.e4 O-O 12.Nd3 Bg4 13.f3 Bd7 14.f4 Na6 15.Qb3 a4 16.Qc3 Ng4
17.Rae1 f6 18.b4 axb3 19.axb3 c5 20.dxc6 Bxc6 21.b4 b5 22.Nb3 bxc4 23.Qxc4+ Qf7
24.Qxf7+ Rxf7 25.Bh3 h5 26.Rf3 d5 27.Nd2 dxe4 28.Nxe4 f5 29.Ng5 Bxf3 30.Nxf7 Kxf7
31.Bxg4 hxg4 32.Nxe5+ Kg8 33.Nxf3 gxf3 34.Ra1 Nc7 35.Rxa8+ Nxa8 36.Kf2 Nc7
37.Kxf3 Kf7 38.g4 fxg4+ 39.Kxg4 Kf6 40.h3 Nb5 41.h4 Kg6 42.h5+ Kf6 43.Kh4 Nd4
44.Kg4 Nb5 45.Kh4 Nc7 46.Kg4 Kf7 47.Kg5 Ne6+ 48.Kg4 Nd4 49.Kg3 Ke6 50.Kg4 Kf6
51.Kh4  1/2-1/2

[Event "CRO-Cup"]
[Site "Pula"]
[Date "1997.??.??"]
[Round "?"]
[White "Maroja, Hrvoje"]
[Black "Matijevic, Hrvoje"]
[Result "1/2-1/2"]
[WhiteElo "2310"]
[BlackElo "2255"]

1.d4 Nf6 2.c4 e6 3.Nf3 Bb4+ 4.Bd2 Qe7 5.Qb3 Bxd2+ 6.Nbxd2 d6 7.g3 O-O 8.Bg2 a5
9.O-O Nc6 10.a3 e5 11.d5 a4 12.Qc2 Nb8 13.e3 Bd7 14.b4 axb3 15.Nxb3 Ba4 16.Nfd2 Na6
17.Qc3 Nd7 18.Nc1 Nac5 19.Ne2 b5 20.Rfb1 Rfb8 21.Nc1 bxc4 22.Nxc4 Nf6 23.Nd2 Rxb1
24.Rxb1 Qd7 25.Nd3 Nxd3 26.Qxd3 g6 27.Qc4 Ra5 28.Nb3 Bxb3 29.Qxb3 Kg7 30.h3 Qa4
31.Qxa4 Rxa4 32.Rc1 Rxa3 33.Rxc7 Ra1+ 34.Kh2 Rd1 35.e4 Rd2 36.f3 g5 37.Rc6 Ne8
38.h4 gxh4 39.gxh4 Nf6 40.Rxd6 Nh5 41.Kg1 Nf4 42.Bf1 h5 43.Rb6 Ng6 44.Rb3 Nxh4
45.Re3 Ng6 46.Rd3  1/2-1/2

[Event "CRO-Cup"]
[Site "Pula"]
[Date "1997.??.??"]
[Round "?"]
[White "Havas, Ladislav"]
[Black "Sulc, Damir"]
[Result "1/2-1/2"]
[WhiteElo "2270"]
[BlackElo "2250"]

1.d4 Nf6 2.c4 e6 3.Nf3 Bb4+ 4.Bd2 Qe7 5.g3 O-O 6.Bg2 Bxd2+ 7.Qxd2 d6 8.Nc3 e5
9.O-O Bg4 10.Nh4 c6 11.h3 Bd7 12.e4 Na6 13.Rad1 Rad8 14.Qg5 Bc8 15.Nf3 h6
16.Qe3 b6 17.d5 c5 18.Ne1 Nc7 19.a4 Bd7 20.Nd3 Nh7 21.f4 f6 22.Kh2 a5 23.f5 Na6
24.Rd2 Nb4 25.Ne1 Be8 26.h4 Rd7 27.Bh3 Qd8 28.Rg1 Rb7 29.Rdg2 Rc7 30.Nf3 Ra7
31.b3 Rb7 32.Ne1 Ra7 33.Nd1 Bh5 34.Nf2 Rb7 35.Ng4 Bxg4 36.Bxg4 Kf7 37.Bh5+ Ke7
38.Bg6 Rh8 39.Bxh7 Rxh7 40.g4 Rb8 41.Kg3 Qd7 42.Kf2 Rbh8 43.Rg3 Kf8 44.Qd2 Qf7
45.Nf3 Qe8 46.Qe2 Qf7 47.Kg2 Qe8 48.Rf1 Qf7 49.Kf2 Qe8 50.Ke1 Qf7 51.Kd1 Na6
52.Kc2 Nb4+ 53.Kc3 Na6 54.Qg2 Nc7 55.Rg1 Ne8 56.Kb2 Ke7 57.Ka3 Kf8 58.g5 hxg5
59.hxg5 Rh5 60.gxf6 gxf6 61.Rg6 R5h7 62.Qf2 Ke7 63.R1g2 Kf8 64.Rh2 Rxh2 65.Nxh2 Qh7
66.Nf3 Qh1 67.Rg1 Qh3  1/2-1/2

[Event "CRO-Cup"]
[Site "Pula"]
[Date "1997.??.??"]
[Round "?"]
[White "Bilobrk, Franjo"]
[Black "Matijevic, Hrvoje"]
[Result "1-0"]
[WhiteElo "2370"]
[BlackElo "2255"]

1.d4 Nf6 2.c4 e6 3.Nf3 Bb4+ 4.Bd2 Qe7 5.g3 Nc6 6.Nc3 Bxc3 7.Bxc3 Ne4 8.Rc1 O-O
9.Bg2 d6 10.d5 Nxc3 11.Rxc3 Nb8 12.dxe6 fxe6 13.Nd4 c6 14.O-O Na6 15.a3 e5
16.Nc2 Bd7 17.b4 Kh8 18.Qd2 Rf6 19.Rd1 Raf8 20.Rf3 Nc7 21.Rxf6 Rxf6 22.Ne3 a6
23.a4 b6 24.a5 b5 25.cxb5 axb5 26.Nc2 Na6 27.e4 Bg4 28.Rb1 Qa7 29.Ne3 Bd7
30.Rd1 h6 31.Qb2 Kh7 32.Rd2 g6 33.h3 Kg7 34.Qc3 g5 35.Kh2 Qc7 36.Rc2 Qa7
37.Rd2 Qc7 38.Bf1 Qa7 39.Kg2 Kf8 40.Be2 Kg7 41.Bg4 Nb8 42.Bxd7 Qxd7 43.Ng4 Re6
44.Nxe5 Rxe5 45.f4  1-0

[Event "Pula op"]
[Site "Pula"]
[Date "1997.??.??"]
[Round "2"]
[White "Kragelj, Igor"]
[Black "Rytshagov, Mikhail"]
[Result "0-1"]
[WhiteElo "2250"]
[BlackElo "2485"]

1.d4 Nf6 2.c4 e6 3.Nf3 Bb4+ 4.Bd2 Qe7 5.g3 Nc6 6.Nc3 O-O 7.Bg2 Na5 8.b3 b6
9.Ne5 Bb7 10.Bxb7 Nxb7 11.Nd3 a5 12.O-O d5 13.cxd5 exd5 14.Rc1 h6 15.Nf4 Rfd8
16.Qc2 c5 17.Qd3 Rac8 18.Rfd1 c4 19.Qf3 Bxc3 20.Bxc3 Qa3 21.Rb1 b5 22.bxc4 Rxc4
23.Rd3 Qa4 24.Bd2 b4 25.a3 Qc2 26.Rc1 Qb2 27.Re1 Rxd4 28.Bc1 Rxd3 29.Nxd3 Qb3
30.axb4 axb4 31.Bxh6  0-1

[Event "EU-chT (Men)"]
[Site "Pula"]
[Date "1997.??.??"]
[Round "6"]
[White "Dydyshko, Viacheslav"]
[Black "Arlandi, Ennio"]
[Result "1-0"]
[WhiteElo "2480"]
[BlackElo "2470"]

1.d4 Nf6 2.c4 e6 3.Nf3 Bb4+ 4.Bd2 c5 5.Bxb4 cxb4 6.g3 O-O 7.Bg2 d6 8.O-O Re8
9.a3 Nc6 10.axb4 Nxb4 11.Nc3 Bd7 12.e4 Bc6 13.Re1 e5 14.Qd2 a5 15.Rad1 Qc7
16.Rc1 Rad8 17.h3 Qb8 18.Nh4 Bd7 19.Kh2 Nc6 20.Nf3 Bc8 21.Re3 Nd7 22.Nd5 Nf8
23.dxe5 dxe5 24.c5 Ne6 25.Rd3 Qa7 26.Qc3 Ncd4 27.Nxd4 Nxd4 28.Ra1 Nc6 29.f4 f5
30.exf5 Bxf5 31.Re3 exf4 32.Nxf4 Rxe3 33.Qxe3 Qb8 34.Re1 Kh8 35.Re2 Bd7 36.Qc3 Re8
37.Rxe8+ Qxe8 38.Qb3 Bc8 39.Qd5 g6 40.Qd6 Kg7 41.Bxc6 bxc6 42.Qc7+ Kh6 43.g4 a4
44.Qd6 Qe3 45.Ng2 Qf3 46.Qe7 Ba6 47.g5+ Kh5 48.Qxh7+ Kxg5 49.Qh4+ Kf5 50.Qxa4 Qe2
51.Qxc6 Bc4 52.Qd6 g5 53.Kg3 Qe4 54.c6 Be6 55.b4 Qe5+ 56.Qxe5+ Kxe5 57.Ne1 Kd6
58.Nf3 Bc8 59.Nxg5 Kxc6 60.h4 Kb5 61.h5 Kxb4 62.Kf4 Bd7 63.h6  1-0

[Event "EU-chT (Men)"]
[Site "Pula"]
[Date "1997.??.??"]
[Round "7"]
[White "Arduman, Can"]
[Black "Garcia Ilundain, David"]
[Result "1/2-1/2"]
[WhiteElo "2405"]
[BlackElo "2500"]

1.d4 Nf6 2.c4 e6 3.Nf3 Bb4+ 4.Bd2 a5 5.g3 b6 6.Bg2 Bb7 7.O-O O-O 8.Bf4 Be7
9.Nc3 Ne4 10.Nxe4 Bxe4 11.Qd2 d6 12.Rfd1 Nd7 13.Qe3 Bb7 14.Qd3 Nf6 15.Bg5 Re8
16.Bxf6 Bxf6 17.e4 g6 18.Rac1 Bg7 19.b3 c5 20.a4 Qc7 21.h4 h6 22.Re1 Rad8
23.d5 Qe7 24.Re3 exd5 25.exd5 Qd7 26.Rce1 Bc8 27.Qe2 Rxe3 28.Qxe3 Qg4 29.Qe7 Qd7
30.Qe3 Qg4 31.Qe7 Qd7 32.Qe3  1/2-1/2

[Event "EU-chT (Men)"]
[Site "Pula"]
[Date "1997.??.??"]
[Round "9"]
[White "Grabliauskas, Virginijus"]
[Black "Hellsten, Johan"]
[Result "0-1"]
[WhiteElo "2435"]
[BlackElo "2485"]

1.d4 Nf6 2.c4 e6 3.Nf3 Bb4+ 4.Bd2 a5 5.g3 d6 6.Bg2 Nbd7 7.O-O e5 8.Bg5 exd4
9.Nxd4 h6 10.Bf4 O-O 11.Qc2 Bc5 12.Rd1 Qe7 13.Nc3 Ne5 14.Na4 Ng6 15.Nxc5 Nxf4
16.gxf4 dxc5 17.Nf3 Ra6 18.h3 Rd6 19.Rd2 Rfd8 20.Rad1 Qe4 21.Qxe4 Nxe4 22.Rxd6 Rxd6
23.Rd5 b6 24.Re5 Re6 25.Ne1 Rxe5 26.fxe5 Nd2 27.b3 a4 28.bxa4 Nxc4 29.Nd3 Bf5
30.f4 Ne3 31.a5 c4 32.axb6 cxb6 33.Nc1 b5 34.Bc6 b4 35.Kf2 Nd1+ 36.Ke1 Nc3
37.Kd2 Bxh3 38.Ke3 Bg4 39.Bb7 h5 40.Ba6 Be6 41.Kd4 h4 42.Bxc4 Bxc4 43.Kxc4 h3
44.Nd3 Nd1  0-1

[Event "EU-chT (Men)"]
[Site "Pula"]
[Date "1997.??.??"]
[Round "9"]
[White "Cvitan, Ognjen"]
[Black "Yrjola, Jouni"]
[Result "1/2-1/2"]
[WhiteElo "2550"]
[BlackElo "2435"]

1.d4 Nf6 2.Nf3 e6 3.c4 Bb4+ 4.Bd2 Qe7 5.g3 Nc6 6.Nc3 Bxc3 7.Bxc3 Ne4 8.Qc2 Nxc3
9.Qxc3 O-O 10.Bg2 d6 11.O-O e5 12.e3 Bg4 13.h3 Bxf3 14.Bxf3 Qf6 15.Bxc6 exd4
16.Qxd4 Qxd4 17.exd4 bxc6 18.Rfe1 Rfe8 19.Kf1 Kf8  1/2-1/2

[Event "San Agustin opJ"]
[Site "San Agustin"]
[Date "1997.??.??"]
[Round "?"]
[White "Gireada, Daniel"]
[Black "Gaprindashvili, Valerian"]
[Result "0-1"]
[WhiteElo "2205"]
[BlackElo "2245"]

1.d4 Nf6 2.Nf3 e6 3.c4 Bb4+ 4.Bd2 Qe7 5.g3 O-O 6.Bg2 Bxd2+ 7.Nbxd2 d6 8.O-O e5
9.e4 a5 10.b3 Bd7 11.Qc2 c5 12.d5 b5 13.cxb5 Bxb5 14.Nc4 Na6 15.a3 Rfb8 16.Nxa5 Bxf1
17.Bxf1 Qc7 18.Nc6 Rb7 19.Nd2 Nb4 20.Nxb4 cxb4 21.Bc4 Rxa3 22.Rxa3 bxa3 23.Nb1 Qc5
24.Nc3 Qd4 25.Kg2 Ng4 26.Nb5 Rxb5  0-1

[Event "Navarro mem"]
[Site "Santiago de Chile"]
[Date "1997.??.??"]
[Round "9"]
[White "Barria, Daniel"]
[Black "Arancibia, Eduardo"]
[Result "1/2-1/2"]
[WhiteElo "2355"]
[BlackElo "2250"]

1.d4 Nf6 2.c4 e6 3.Nf3 Bb4+ 4.Bd2 c5 5.dxc5 Bxc5 6.Nc3 d5 7.e3 Nc6 8.cxd5 exd5
9.Be2 O-O 10.O-O Bg4 11.Qa4 Bd7 12.Qh4 Ne7 13.Nd4 Ng6 14.Qg5 h6 15.Qg3 Bb6
16.Rad1 Bxd4 17.exd4 Qb6 18.Bc1 Rfe8 19.Bd3 Ne7 20.Rfe1  1/2-1/2

[Event "Schwaebisch Gmuend op"]
[Site "Schwaebisch Gmuend"]
[Date "1997.??.??"]
[Round "7"]
[White "Latzke, Boris Alexander"]
[Black "Lomineishvili, Maia"]
[Result "0-1"]
[WhiteElo "2220"]
[BlackElo "2385"]

1.d4 Nf6 2.c4 e6 3.Nf3 Bb4+ 4.Bd2 Qe7 5.g3 Nc6 6.Bg2 Bxd2+ 7.Nbxd2 d6 8.O-O O-O
9.e4 e5 10.d5 Nb8 11.Ne1 a5 12.Nd3 Na6 13.f4 Nc5 14.Nxc5 dxc5 15.Qc2 Ng4
16.Qc3 f6 17.Rae1 Nh6 18.Nb3 a4 19.Nc1 a3 20.b3 Nf7 21.Nd3 Re8 22.Rb1 b6
23.Rbe1 Bd7 24.Rf3 Qd6 25.Rfe3 Rf8 26.Qc2 Rfc8 27.Qc3 Re8 28.Qc2 Re7 29.Qc1 g6
30.Qc3 Kg7 31.Rb1 Ree8 32.Ree1 h5 33.b4 Ra4 34.b5 Qe7 35.Nf2 Nd6 36.Bf1 g5
37.f5 g4 38.Rb3 Rea8 39.Re3 Bxf5 40.exf5 Nxf5 41.Bg2 Nd6 42.Bf1 Nf5 43.Qc1 Nxe3
44.Qxe3 f5 45.Qc3 Qf6 46.Nd3 e4 47.Qxf6+ Kxf6 48.Nc1 Ke5 49.Kf2 h4 50.Be2 Rh8
51.Kg2 Kd4 52.Bf1 Ke5 53.Be2 hxg3 54.hxg3 Kf6 55.Rc3 Kg5 56.Nb3 Rh6 57.Rc1 Ra8
58.Rh1 Rxh1 59.Kxh1 f4 60.gxf4+ Kxf4 61.Kg2 Rh8 62.Nc1 g3 63.Kg1 Rh2  0-1

[Event "RUS-Cup8"]
[Site "Smolensk"]
[Date "1997.??.??"]
[Round "2"]
[White "Tunik, Gennady"]
[Black "Aleksandrov, Aleksej"]
[Result "0-1"]
[WhiteElo "2460"]
[BlackElo "2615"]

1.d4 Nf6 2.c4 e6 3.Nf3 Bb4+ 4.Bd2 a5 5.g3 d5 6.Qc2 c6 7.Bg2 b6 8.O-O Ba6
9.Bxb4 axb4 10.Nbd2 Nbd7 11.a3 bxa3 12.Rxa3 Bb7 13.Rxa8 Qxa8 14.e4 dxe4 15.Ne5 c5
16.Nxd7 Kxd7 17.dxc5 bxc5 18.Nb3 Rc8 19.Qd2+ Ke7 20.Qe3 Qa7 21.Ra1 Qb6 22.h3 h6
23.Ra5 Nd7 24.Rb5 Qc7 25.Bxe4 Ba6 26.Ra5 Bxc4 27.Ra3 Bxb3 28.Rxb3 Qe5 29.Rb7 Rc7
30.Rxc7 Qxc7 31.Qa3 Qd6 32.Qa8 Ne5 33.Qb7+ Qd7 34.Qb3 Qd4 35.Qb7+ Kf6 36.b3 g5
37.Kg2 g4 38.h4 Qb4 39.Kf1 Qxb7 40.Bxb7 Nf3 41.Ke2 Nd4+ 42.Kd3 Nxb3 43.f3 gxf3
44.Bxf3 Nd4  0-1